| 000 | 01023pam a2200301 a 4500 | ||
|---|---|---|---|
| 001 | 015659360 | ||
| 003 | OSt | ||
| 005 | 20150215141642.0 | ||
| 008 | 100927t2011 xxua frb 001 0 eng d | ||
| 020 | _a9780470646137 (pbk.) | ||
| 020 | _a0470646136 (pbk.) | ||
| 040 |
_aStDuBDS _beng _cStDuBDS _dUk |
||
| 082 | 0 | 0 |
_a620.00151 _222 _bKRE |
| 100 | 1 |
_aKreyszig, Erwin _912964 |
|
| 245 | 1 | 0 |
_aAdvanced engineering mathematics / _cErwin Kreyszig ; in collaboration with Herbert Kreyszig, Edward J. Norminton. |
| 250 |
_a10th ed., _binternational student version. |
||
| 260 |
_aHoboken, United States : _bWiley, _cc.2011. |
||
| 300 |
_a[Various pagings] : _bill. ; _c26 cm. |
||
| 500 | _aIncludes appendix. | ||
| 500 | _aIncludes index. | ||
| 504 | _aIncludes bibliographical references. | ||
| 650 | 0 |
_aEngineering mathematics _912965 |
|
| 653 |
_bENGGEN _cMarch2014 |
||
| 655 |
_vtext book _933728 |
||
| 700 | 1 |
_aKreyszig, Herbert _935674 |
|
| 700 | 1 |
_aNorminton, E. J. _q(Edward J.) _935675 |
|
| 942 |
_2ddc _k620.00151 KRE |
||
| 999 |
_c18113 _d18085 |
||